[Event "CFriend SL-2003-0-00004 email"]
[Site "Chessfriend.com"]
[Date "2003.02.19"]
[Round "?"]
[White "Cherner, Lyle"]
[Black "Che Hassan, Nurul Atiqah"]
[Result "0-1"]
[WhiteElo "898"]
[BlackElo "657"]
[PlyCount "30"]
[EventDate "2003.02.19"]
[EventType "tourn (corr)"]
[EventRounds "12"]
[SourceTitle "Corr 2008"]
[Source "ChessBase"]
[SourceDate "2008.06.24"]
[SourceVersion "1"]
[SourceVersionDate "2008.06.24"]
[SourceQuality "1"]

1. e4 c5 2. Nf3 Nc6 3. d4 cxd4 4. Nxd4 a6 5. Nc3 e6 6. Be2 d6 7. Nxc6 bxc6 8. 0-0 Nf6 9. Bg5 Be7 10. Re1 0-0 11. h3 Bb7 12. Qd3 h6 13. Bh4 c5 14. Rad1 Rc8 15. Bxf6 Bxf6 0-1

[Event "CFriend SL-2003-0-00004 email"]
[Site "Chessfriend.com"]
[Date "2003.02.19"]
[Round "?"]
[White "Xyko, Kenny"]
[Black "Che Hassan, Nurul Atiqah"]
[Result "1-0"]
[WhiteElo "1399"]
[BlackElo "657"]
[PlyCount "31"]
[EventDate "2003.02.19"]
[EventType "tourn (corr)"]
[EventRounds "12"]
[SourceTitle "Corr 2008"]
[Source "ChessBase"]
[SourceDate "2008.06.24"]
[SourceVersion "1"]
[SourceVersionDate "2008.06.24"]
[SourceQuality "1"]

1. d4 Nf6 2. Nf3 e6 3. c4 d5 4. Nc3 c5 5. cxd5 cxd4 6. Qa4+ Bd7 7. Qxd4 Be7 8. d6 Bf8 9. Bg5 Bc6 10. Rd1 Nbd7 11. e4 g6 12. e5 Bg7 13. exf6 Bxf6 14. Bxf6 Nxf6 15. d7+ Ke7 16. Qd6# 1-0

[Event "IECG CN.2000.0.00219"]
[Site "IECG email"]
[Date "2000.10.27"]
[Round "?"]
[White "Che Hassan, Nurul Atiqah"]
[Black "Cayer, Jean"]
[Result "0-1"]
[WhiteElo "639"]
[BlackElo "704"]
[PlyCount "34"]
[EventDate "2000.10.27"]
[EventType "tourn (corr)"]
[EventRounds "6"]
[SourceTitle "Corr 2008"]
[Source "ChessBase"]
[SourceDate "2008.06.24"]
[SourceVersion "1"]
[SourceVersionDate "2008.06.24"]
[SourceQuality "1"]

1. c4 e5 2. Nc3 Nc6 3. g3 g6 4. Bg2 Bg7 5. b3 Nge7 6. Nf3 0-0 7. 0-0 d6 8. Bb2 Bg4 9. h3 Be6 10. e3 Qd7 11. d4 Bxh3 12. Qd2 Bxg2 13. Kxg2 d5 14. dxe5 Nxe5 15. Nxd5 Nxd5 16. Bxe5 Bxe5 17. Nxe5 Nf4+ 0-1

[Event "IECC Swiss email"]
[Site "IECC email"]
[Date "2000.03.07"]
[Round "?"]
[White "Frignani, Giorgio"]
[Black "Che Hassan, Nurul Atiqah"]
[Result "1-0"]
[WhiteElo "1379"]
[BlackElo "1170"]
[PlyCount "33"]
[EventDate "2000.??.??"]
[EventType "tourn (corr)"]
[EventRounds "6"]
[SourceTitle "Corr 2008"]
[Source "ChessBase"]
[SourceDate "2008.06.24"]
[SourceVersion "1"]
[SourceVersionDate "2008.06.24"]
[SourceQuality "1"]

1. e4 c5 2. Nf3 Nc6 3. d4 cxd4 4. Nxd4 d6 5. Bb5 Bd7 6. Nc3 Qb6 7. Be3 e6 8. Nxc6 Qc7 9. Nxa7 Nf6 10. Bxd7+ Nxd7 11. Qd4 Nc5 12. Nab5 Qc6 13. Rd1 Rd8 14. 0-0 Be7 15. Qxg7 Kd7 16. Rxd6+ Bxd6 17. Qxf7+ 1-0

[Event "IECC Y2KO email"]
[Site "IECC email"]
[Date "1999.10.14"]
[Round "?"]
[White "Che Hassan, Nurul Atiqah"]
[Black "Djabri, Zafer M"]
[Result "0-1"]
[WhiteElo "1182"]
[BlackElo "1995"]
[PlyCount "76"]
[EventDate "1999.??.??"]
[EventType "tourn (corr)"]
[EventRounds "2"]
[SourceTitle "Corr 2008"]
[Source "ChessBase"]
[SourceDate "2008.06.24"]
[SourceVersion "1"]
[SourceVersionDate "2008.06.24"]
[SourceQuality "1"]

1. e4 e6 2. Nf3 d5 3. exd5 exd5 4. Be2 Bd6 5. 0-0 Ne7 6. Re1 0-0 7. d3 c5 8. Bg5 Nbc6 9. Bf1 Qb6 10. b3 f6 11. Bd2 Bg4 12. Be2 Rae8 13. Nc3 a6 14. h3 Bh5 15. Rb1 Bf7 16. Na4 Qc7 17. c4 d4 18. Kh1 b5 19. cxb5 axb5 20. Nb2 Nd5 21. Rc1 Nc3 22. Bxc3 dxc3 23. Rxc3 Qa5 24. Rc2 Nb4 25. Rc1 Qxa2 26. Qd2 Qxb3 27. Rc3 Bf4 28. Qxf4 Qxc3 29. Nd1 Qb3 30. Qd6 Rxe2 31. Rxe2 Qxd1+ 32. Re1 Qc2 33. d4 Nd3 34. Re3 Nxf2+ 35. Kh2 c4 36. d5 Qd1 37. Re1 Qxd5 38. Qxd5 Bxd5 0-1

[Event "IECC Y2KO email"]
[Site "IECC email"]
[Date "1999.10.14"]
[Round "?"]
[White "Djabri, Zafer M"]
[Black "Che Hassan, Nurul Atiqah"]
[Result "1-0"]
[WhiteElo "1959"]
[BlackElo "1239"]
[PlyCount "29"]
[EventDate "1999.??.??"]
[EventType "tourn (corr)"]
[EventRounds "2"]
[SourceTitle "Corr 2008"]
[Source "ChessBase"]
[SourceDate "2008.06.24"]
[SourceVersion "1"]
[SourceVersionDate "2008.06.24"]
[SourceQuality "1"]

1. c4 Nf6 2. Nc3 e6 3. e4 Be7 4. e5 Ng8 5. Qg4 g6 6. d4 Nh6 7. Bxh6 Nc6 8. Nf3 d6 9. Rd1 b6 10. Be2 Bb7 11. d5 exd5 12. cxd5 Nb4 13. Qxb4 dxe5 14. Qa4+ Qd7 15. Bb5 1-0

[Event "IECC Swiss email"]
[Site "IECC email"]
[Date "1999.09.16"]
[Round "?"]
[White "Jansen, Rene"]
[Black "Che Hassan, Nurul Atiqah"]
[Result "1-0"]
[WhiteElo "1561"]
[BlackElo "1280"]
[PlyCount "89"]
[EventDate "1999.??.??"]
[EventType "tourn (corr)"]
[EventRounds "6"]
[SourceTitle "Corr 2008"]
[Source "ChessBase"]
[SourceDate "2008.06.24"]
[SourceVersion "1"]
[SourceVersionDate "2008.06.24"]
[SourceQuality "1"]

1. d4 Nf6 2. Nf3 e6 3. Bg5 Be7 4. Nbd2 0-0 5. c3 d5 6. e3 Nbd7 7. Bd3 c5 8. 0-0 c4 9. Bc2 h6 10. Bxf6 Nxf6 11. Re1 Bd7 12. e4 Bc6 13. Ne5 dxe4 14. Ndxc4 Bd5 15. Nd2 Qb6 16. Qb1 Bd6 17. Nec4 Qc7 18. Nxd6 Qxd6 19. Nxe4 Nxe4 20. Bxe4 Bxe4 21. Qxe4 b6 22. Qe5 Rad8 23. Qxd6 Rxd6 24. Re4 Re8 25. Rae1 f5 26. Re5 Kf7 27. f3 Kf6 28. Kf2 Rc6 29. h4 Re7 30. h5 a6 31. g4 fxg4 32. fxg4 g5 33. Ke2 Rd6 34. Rf1+ Kg7 35. Kd2 Rf7 36. Rxf7+ Kxf7 37. Kd3 Kf6 38. b4 b5 39. Rc5 Rb6 40. Rc7 Rd6 41. Rh7 e5 42. Rxh6+ Ke7 43. Rxd6 Kxd6 44. h6 Ke6 45. h7 1-0